| 000 | 00451nam a2200169 a 4500 | ||
|---|---|---|---|
| 005 | 20240924070224.0 | ||
| 008 | 991125s1908 mx 000 0 spa u | ||
| 035 | _aUPN01000004250 | ||
| 049 | _aCE | ||
| 050 | 4 |
_aBJ45 _bM6.2 |
|
| 100 | 1 | _aMorales de Ortega, Carlota | |
| 245 | 1 | 0 |
_aApuntes de moral / _cpor Carlota Morales de Ortega. |
| 260 |
_aMéxico : _bImpr. de V. e Hijos, _c1908. |
||
| 300 | _a26 p. | ||
| 650 | 4 |
_aÉtica _912720 |
|
| 905 | _aLibro | ||
| 999 |
_c4250 _d4250 |
||